000
00255nam a2200109Ia 4500
005
20251222141936.0
008
251222s9999||||xx |||||||||||||| ||spa||
082
_a
330.122/D56
245
0
_a
Democracia y EconomÃa de Mercado:
264
_b
ILD
942
_c
LIB
999
_c
9191
_d
9191